Hydrosystems engineering and management / (Record no. 11592)
[ view plain ]
| 000 -LEADER | |
|---|---|
| fixed length control field | 00974cam a22003015a 4500 |
| 001 - CONTROL NUMBER | |
| control field | 12639537 |
| 005 - DATE AND TIME OF LATEST TRANSACTION | |
| control field | 20171112145731.0 |
| 008 - FIXED-LENGTH DATA ELEMENTS--GENERAL INFORMATION | |
| fixed length control field | 020108s1992 nyua frb 001 0 eng d |
| 020 ## - INTERNATIONAL STANDARD BOOK NUMBER | |
| International Standard Book Number | 0071127089 |
| 020 ## - INTERNATIONAL STANDARD BOOK NUMBER | |
| International Standard Book Number | 9780071127080 |
| 040 ## - CATALOGING SOURCE | |
| Original cataloging agency | DLC |
| Transcribing agency | DLC |
| Language of cataloging | eng |
| Modifying agency | EG-ScBUE |
| 082 04 - DEWEY DECIMAL CLASSIFICATION NUMBER | |
| Edition number | 22 |
| Classification number | 628.1 |
| Item number | MAY |
| 100 1# - MAIN ENTRY--PERSONAL NAME | |
| Personal name | Mays, Larry W. |
| 9 (RLIN) | 5014 |
| 245 10 - TITLE STATEMENT | |
| Title | Hydrosystems engineering and management / |
| Statement of responsibility, etc | Larry W. Mays, Yeou-Koung Tung. |
| 250 ## - EDITION STATEMENT | |
| Edition statement | International ed. |
| 260 ## - PUBLICATION, DISTRIBUTION, ETC. (IMPRINT) | |
| Place of publication, distribution, etc | New York : |
| Name of publisher, distributor, etc | McGraw-Hill, |
| Date of publication, distribution, etc | 1992. |
| 300 ## - PHYSICAL DESCRIPTION | |
| Extent | xix, 530 p. : |
| Dimensions | ill. ; |
| Other physical details | 22 cm. |
| 500 ## - GENERAL NOTE | |
| General note | Includes index |
| 504 ## - BIBLIOGRAPHY, ETC. NOTE | |
| Bibliography, etc | Includes bibliographical references. |
| 650 #7 - SUBJECT ADDED ENTRY--TOPICAL TERM | |
| 9 (RLIN) | 39965 |
| Topical term or geographic name as entry element | Operations research. |
| Source of heading or term | BUEsh |
| 650 #7 - SUBJECT ADDED ENTRY--TOPICAL TERM | |
| 9 (RLIN) | 3752 |
| Topical term or geographic name as entry element | Reliability (Engineering) |
| Source of heading or term | BUEsh |
| 650 #7 - SUBJECT ADDED ENTRY--TOPICAL TERM | |
| Topical term or geographic name as entry element | Water-supply |
| General subdivision | Management |
| -- | Mathematical models. |
| 650 #7 - SUBJECT ADDED ENTRY--TOPICAL TERM | |
| Topical term or geographic name as entry element | Water |
| General subdivision | supply engineering |
| -- | Mathematical models. |
| 651 ## - SUBJECT ADDED ENTRY--GEOGRAPHIC NAME | |
| Source of heading or term | BUEsh |
| 653 ## - INDEX TERM--UNCONTROLLED | |
| Resource For college | Generalities |
| Arrived date list | November2017 |
| 942 ## - ADDED ENTRY ELEMENTS (KOHA) | |
| Source of classification or shelving scheme | Dewey Decimal Classification |
| Item type | Book - Borrowing |
| Withdrawn status | Item status | Source of classification or shelving scheme | Damaged status | Not for loan | Vendor | Home library | Current library | Shelving location | Date acquired | Source of acquisition | Cost, normal purchase price | Serial Enumeration / chronology | Total Checkouts | Full call number | Barcode | Date last seen | Koha item type |
|---|---|---|---|---|---|---|---|---|---|---|---|---|---|---|---|---|---|
| Dewey Decimal Classification | Alahram | Central Library | Central Library | First floor | 24/05/2009 | 98.20 | 72 | 628.1 MAY | 000016221 | 15/07/2025 | Book - Borrowing | ||||||
| Dewey Decimal Classification | Alahram | Central Library | Central Library | First floor | 12/11/2017 | Purchase | 628.1 MAY | 000011306 | 15/07/2025 | Book - Borrowing |